00326nam a22000977a 4500008004100000082002200041100002300063245009400086260003100180300001700211190418b ||||| |||| 00| 0 eng d a344.046 W13e 2018 aWaiba, Tashi Norbu aPolicy Brief Environment friendly and Better farm roads ;ban urgent necessity in Bhutan. aThimphu ;bBC-CAP Project. a4 p.c20 cm.